• 首页
  • 本馆介绍
  • 公告通知
  • 最新文献
  • 馆藏检索
  • 电子资源
  • 读者导购
  • 参考咨询
  • 我的图书馆
  • 登录
  • 详细信息显示
  • 放入我的书架
  • 预约/预借图书
  • 作者相关作品
  • 分类相关作品
  • 丛书相关作品
  • 出版社相关作品

书目信息

  • 表格格式
  • 工作单格式
  • 卡片格式
题名:
宫廷文化
    
 
作者: 布姆克 著 ;何珊 , 刘华新 译
分册: 上册  
出版信息: 北京   三联书店  2006
页数: 519页
开本: 21cm
丛书名: 现代西方学术文库
单 册:
中图分类: K503
科图分类:
主题词: 文化史--西方国家--中世纪 , 文化史
电子资源:
ISBN: 7-108-02432-2
000 01456oam2 2200337 450
001 003251267
005 20070801172147.96
010    @a7-108-02432-2@dCNY48.00(上下册)
100    @a20060104d2006 em y0chiy0110 ea
101 1  @achi@cger
102    @aCN@b110000
105    @ay z 001yy
200 1  @a宫廷文化@9gong ting wen hua@e中世纪盛期的文学与社会@dHofische Kultur@eLiteratur und Gesellschaft im hohen Mittelalter@h上册@f(德)约阿希姆·布姆克(Joachim Bumke)著@g何珊,刘华新译@zger
210    @a北京@c三联书店@d2006
215    @a519页@d21cm
225 2  @a现代西方学术文库
225 2  @a北京大学希腊研究中心西学文库
300    @a瓦西利斯·C. 康斯坦达科普洛斯及其家人资助出版
330    @a本书范围不局限于文学作品以及其中的爱情和婚姻,还描述和介绍了与贵族衣食起居、军事活动有关的物质文化,也详细描述了贵族青年的培养、法国文化和大学教育对德国的影响,以及宫廷文学和艺术作品的赞助人制度。
461  0 @12001 @a现代西方学术文库
461  0 @12001 @a北京大学希腊研究中心西学文库
510 1  @aHofische Kultur@eLiteratur und Gesellschaft im hohen Mittelalter@zger
517 1  @a中世纪盛期的文学与社会@9zhong shi ji sheng qi de wen xue yu she hui
606 0  @a文化史@y西方国家@z中世纪
606 0  @a文化史
690    @aK503@v4
701  0 @c(德)@a布姆克@9bu mu ke@c(Bumke, Joachim)@4著
702  0 @a何珊@9he shan@c(德语翻译)@4译
702  0 @a刘华新@9liu hua xin@c(德语翻译)@4译
801  0 @aCN@bNLC@c20070801
905    @a10447@dK503@e17:1
    
    宫廷文化:中世纪盛期的文学与社会=Hofische Kultur:Literatur und Gesellschaft im hohen Mittelalter.上册/(德)约阿希姆·布姆克(Joachim Bumke)著/何珊,刘华新译.-北京:三联书店,2006
    519页;21cm.-(现代西方学术文库).-(北京大学希腊研究中心西学文库)
    瓦西利斯·C. 康斯坦达科普洛斯及其家人资助出版
    
    ISBN 7-108-02432-2:CNY48.00(上下册)
    本书范围不局限于文学作品以及其中的爱情和婚姻,还描述和介绍了与贵族衣食起居、军事活动有关的物质文化,也详细描述了贵族青年的培养、法国文化和大学教育对德国的影响,以及宫廷文学和艺术作品的赞助人制度。
●
相关链接 在E读中查询图书 在五车中查询图书 在当当中查询图书 在豆瓣中查询图书


正题名:宫廷文化     索取号:K503/17:1         预约/预借

序号 登录号 条形码 馆藏地/架位号 状态 备注
1 0800540   208005406   第二样本阅览室/ [索取号:K503/17:1] 在馆    
2 0800541   208005415   第二借阅区/ [索取号:K503/17:1] 在馆    
3 0800542   208005424   第二借阅区/ [索取号:K503/17:1] 在馆    
4 0800543   208005433   第二借阅区/ [索取号:K503/17:1] 在馆    
5 0800544   208005442   密集书库/ [索取号:K503/17:1] 在馆    
6 0800545   208005451   密集书库/ [索取号:K503/17:1] 在馆    
7 0800546   208005460   密集书库/ [索取号:K503/17:1] 在馆    
8 0800547   208005479   第二借阅区/ [索取号:K503/17:1] 在馆    
9 0800548   208005488   密集书库/ [索取号:K503/17:1] 在馆    
10 0800549   208005497   第二借阅区/ [索取号:K503/17:1] 在馆    
唐山师范学院图书馆 欢迎您!
大连网信软件有限公司© 版权所有